| 000 | 00442nam a2200157 i 4500 | ||
|---|---|---|---|
| 001 | bg | ||
| 100 | 1 | _aDONIECKI, W. | |
| 245 | 0 |
_aIzolacje przeciwwilgociowe : _bMateriały. Projektowanie i wykonawstwo izolacji. Konstrukcja / _cW. Doniecki, M. Mączyński. |
|
| 250 | _aWyd.3 uakt. | ||
| 260 |
_aWarszawa, _c1975. |
||
| 700 | 1 | _aMĄCZYŃSKI, M. | |
| 040 | _cBPK | ||
| 041 | _apol | ||
| 942 | _cKS | ||
| 008 | s pl f |000 0 pol | ||
| 999 |
_c4873 _d4873 |
||
| 856 |
_uhttp://koha.tu.koszalin.pl/cgi-bin/koha/opac-detail.pl?biblionumber=4873 _yKatalog online BPK |
||